| 000 | 01190nac a22002771i 4500 | ||
|---|---|---|---|
| 003 | EG-ScBUE | ||
| 005 | 20230911113902.0 | ||
| 008 | 121203s1971 ua f b 000 0 ara d | ||
| 017 | _a1971 / 3695 | ||
| 040 |
_aEG-ScBUE _bara _erda _cEG-ScBUE _dEG-ScBUE |
||
| 082 | 0 | 4 |
_a907.2 _bم ا ر _222 |
| 100 | 1 |
_aمارو، هـ. أ.، _eمؤلف. |
|
| 245 | 1 | 0 |
_aمن المعرفة التاريخية / _cتأليف هـ. أ. مارو ؛ ترجمة جمال بدران ؛ مراجعة د. زكريا إبراهيم. |
| 264 | 1 |
_aالقاهرة : _bالهيئة المصرية العامة للتأليف والنشر، _c1971. |
|
| 300 |
_a249 صفحة ؛ _c24 سم |
||
| 336 |
_2rdacontent _aنص _btxt |
||
| 337 |
_2rdamedia _aبدون وسيط _bn |
||
| 338 |
_2rdacarrier _aمجلد _bnc |
||
| 504 | _aيشتمل على إرجاعات ببليوجرافية. | ||
| 546 | _aالنص باللغة العربية وتم ترجمته من اللغة الإنجليزية. | ||
| 650 | 7 |
_aالتاريخ _xفلسفة. _2BUEsh _931579 |
|
| 655 | _vReading book | ||
| 700 | 1 |
_aبدران، جمال، _eمترجم. _931581 |
|
| 700 | 1 |
_aإبراهيم، زكريا، _eمراجع. |
|
| 942 |
_cBB _2ddc |
||
| 999 |
_c7910 _d7910 |
||